| 000 | 00931nam a2200289 a 4500 | ||
|---|---|---|---|
| 001 | 42175 | ||
| 003 | BD-RjUL | ||
| 005 | 20211209053514.0 | ||
| 008 | 160611s1980 ii b 000 0 eng | ||
| 020 | _cRs60.00 | ||
| 035 | _a(BD-RjUL)42293 | ||
| 040 |
_aDLC _cDLC _dDLC _d(BD-RjUL) _beng |
||
| 041 | _aeng | ||
| 082 | 0 | 0 |
_a327.73054 _219 _bRAI 1980 |
| 100 | 1 |
_aRahamathulla, B., _d1942- _9129708 |
|
| 245 | 1 | 0 |
_aIndo-American politics, 1970-78 / _cB. Rahamathulla. |
| 250 | _a1st ed. | ||
| 260 |
_aDelhi : _bSurjeet Publications, _c1980. |
||
| 300 |
_axii, 155 p. ; _c23 cm. |
||
| 500 | _aA revision of the author's thesis, Aligarh Muslim University, 1978. | ||
| 504 | _aBibliography: p. [142]-155. | ||
| 610 | 1 | 0 |
_aIndia. _bParliament. _9129709 |
| 651 | 0 |
_aUnited States _xForeign relations _zIndia. _9128143 |
|
| 651 | 0 |
_aIndia _xForeign relations _zUnited States. _9128144 |
|
| 942 |
_2ddc _cBK |
||
| 999 |
_c42175 _d42175 |
||